|
|
|
|
| LEADER |
00000nam a22000007a 4500 |
| 005 |
20240718154756.0 |
| 008 |
230315b2018 a|||| |||| 00| | spa d |
| 020 |
|
|
|a 9789871026425
|
| 090 |
|
|
|a 06.02.01
|
| 110 |
|
|
|9 4843
|a Argentina: Ministerio de Educación de la Provincia de Santa Fe
|
| 245 |
1 |
0 |
|a Educadores con perspectiva transformadora
|
| 260 |
|
|
|a Santa Fe :
|b Ministerio de Educación de la Provincia de Santa Fe,
|c 2018
|
| 300 |
|
|
|a 174 páginas;
|b ilustraciones; 1 recurso en línea; PDF
|
| 490 |
|
|
|a Colección Redes de tinta. Diálogos pedagógicos
|
| 650 |
1 |
4 |
|9 1
|a EDUCACIÓN
|
| 650 |
1 |
4 |
|9 331
|a DOCENTES
|
| 650 |
1 |
4 |
|9 1770
|a PEDAGOGÍA
|
| 856 |
|
|
|u https://uir.inie.ucr.ac.cr/cgi-bin/koha/opac-retrieve-file.pl?id=aa20526032829f5960fb47951ec6a08a
|
| 942 |
|
|
|i PDF0011
|h 06.02.01
|2 z
|c 01
|h 06.02.01
|6 060201_PDF0011
|
| 999 |
|
|
|c 4001
|d 4001
|